[Event "World Cup U18 Girls Prel"]
[Site "Tornelo INT"]
[Date "2021.08.01"]
[Round "10"]
[White "Skaslien, Ingrid"]
[Black "Biryukov, Sasha"]
[Result "1-0"]
[WhiteElo "1950"]
[BlackElo "1411"]
[PlyCount "99"]
[EventDate "2021.08.01"]
[EventType "swiss (rapid)"]
[EventRounds "10"]
[EventCountry "NET"]
[SourceTitle "EXT 2024"]
[Source "ChessBase"]
[SourceDate "2023.10.10"]
[SourceVersion "1"]
[SourceVersionDate "2023.10.10"]
[SourceQuality "1"]

1. d4 Nf6 2. c4 d5 3. Nc3 e6 4. cxd5 exd5 5. Bg5 Be7 6. e3 0-0 7. Bd3 Nc6 8. Nge2 Nb4 9. Bb1 c5 10. 0-0 c4 11. a3 Nc6 12. Nf4 Be6 13. Qc2 g6 14. Qe2 Nd7 15. Bh6 Re8 16. Nxe6 fxe6 17. Qg4 Bf8 18. Bg5 Nf6 19. Qf3 Bg7 20. h4 Qe7 21. h5 gxh5 22. Bxf6 Qxf6 23. Qxh5 Qh6 24. Qg4 Kh8 25. g3 Rg8 26. Kg2 Bxd4 27. Qe2 Bxc3 28. Rh1 Qxh1+ 29. Kxh1 Raf8 30. bxc3 Ne5 31. Qh5 Ng6 32. Kg2 Rf6 33. Bxg6 Rgxg6 34. Rh1 Rf7 35. Qe5+ Kg8 36. Rh5 Rgf6 37. Rg5+ Kh8 38. Qb8+ Rf8 39. Qe5 R8f7 40. f4 h6 41. Rh5 Kh7 42. g4 Rg6 43. Kf3 Rfg7 44. g5 Rf7 45. gxh6 Rxh6 46. Rxh6+ Kxh6 47. Qxe6+ Kg7 48. Qxd5 b5 49. Qxb5 a5 50. Qxc4 1-0

[Event "Goch op 23rd"]
[Site "Goch"]
[Date "2012.08.30"]
[Round "1"]
[White "Biryukov, Sasha"]
[Black "Speck, Stefan"]
[Result "0-1"]
[WhiteElo "1325"]
[BlackElo "1994"]
[PlyCount "44"]
[EventDate "2012.08.30"]
[EventType "swiss"]
[EventRounds "7"]
[EventCountry "GER"]
[SourceTitle "EXT 2015"]
[Source "ChessBase"]
[SourceDate "2014.11.20"]
[SourceVersion "1"]
[SourceVersionDate "2014.11.20"]
[SourceQuality "1"]

1. c4 f5 2. d4 Nf6 3. Nc3 g6 4. Bf4 d6 5. g3 Bg7 6. Bg2 0-0 7. e3 c6 8. Nge2 Qa5 9. Qb3 Kh8 10. 0-0 e5 11. Bg5 Ng8 12. dxe5 dxe5 13. e4 f4 14. gxf4 h6 15. Bh4 exf4 16. f3 Nd7 17. Be1 Qh5 18. Bd2 g5 19. Qb4 Ne5 20. Na4 b6 21. Bc3 Bh3 22. Qe7 Nxe7 0-1